| 000 | 00910nam a2200217Ia 4500 | ||
|---|---|---|---|
| 003 | Ost | ||
| 005 | 20260507075410.0 | ||
| 008 | 260507s9999||||xx |||||||||||||| ||und|| | ||
| 040 | _cfsecg | ||
| 041 | _aara | ||
| 082 | _a330 | ||
| 100 |
_aأبو زيد، بكر بن عبد الله _eمؤلف |
||
| 245 | 0 |
_aبطاقة الإئتمان / _c بكر بن عبد الله أبو زيد |
|
| 260 |
_aبيروت: _bمؤسسة الرسالة, _c1996 |
||
| 300 |
_a76 صفحة؛ _bإيضاحات ؛ _c20 سم |
||
| 520 | _aيضم تعريف لبطاقة الإئتمان و تاريخها، معرفة من له حق إصدار البطاقة، أنواعها وصورها، أطراف بطاقة الإئتمان، منافع بطاقة الإئتمان، مضارها وسوبلها | ||
| 653 | _aالإئتمان | ||
| 653 | _aالإئتمان، أدوات | ||
| 653 | _aالبنوك | ||
| 942 | _cكتاب | ||
| 999 |
_c44383 _d44383 |
||